Find the 'Hidden' US State Capital Quiz - Statistics

General Stats
  • This quiz has been taken 35 times
    33 since last reset
  • The average score is 11 of 17
Answer Stats
Hint State Capital % Correct
1) South Georgia Holdings, a US tin mine, averaged three thousand ton per week: Austin
87%
2) The TV show driving most people mad is 'One Day at a Time'. Madison
87%
3) Voted No. 1 was the Vatican Choir in Milan singing 'Ave Maria'. Lansing
78%
4) Rooney realised he had spent his last rent on beer and wine. Trenton
78%
7) For the third year running John Charr is 'Burger King' of Nashville. Harrisburg
74%
10) In Los Angeles the cars on City freeways number over a million per day. Carson City
70%
9) Songs from the show 'The Little Thief' rank fortieth in US popularity. Frankfort
70%
11) New York has invited Prince Charles to 'Nature World' this Fall. Charleston
65%
6) Aretha Franklin was the first winner of the 'Lena Horne' award. Helena
65%
12) Musicians in France are being fined for playing the forbidden version of "La Marseillaise" . Denver
61%
13) It is impossible to screen-print anything metallic on corduroy or silk shirts. Concord
57%
5) 'Down and Out' , the painting of a hobo, is easily the favourite Norman Rockwell painting. Boise
52%
8) Six Spanish tourist-visa holders had overstayed their residence by nine months. Dover
52%
14) The coldest months in Tasmania are, April, June, August not October. Juneau
48%
16) Miami 'Red Lion Inn' sells ale, mead and ginger wine in Summer. Salem
48%
17) X-Rays have been found to give the 'Grass Ant' a feeler twice the normal length. Santa Fe
48%
15) Tiger Friday, Elephant Tuesday and Ostrich Monday are all holidays in Kenya. Richmond
35%
No matching quizzes found
Score Distribution
Percent of People with Each Score
Percentile by Number Answered
Your Score History
You have not taken this quiz since the last reset